ბათუმის შოთა რუსთაველის სახელმწიფო უნივერსიტეტის ბიბლიოთეკა

შავი ზღვისა და პაციფიკის აფალინების ეკოლოგია, კონსერვაცია და რეაბილიტაცია ბუნებრივ და ნოოგენურ გარემოში / (ბიბ.ჩანაწერი № 55223)

000 -ლიდერი
ფიქსირებული სიგრძის საკონტროლო ველი 01983nam a2200277Ia 4500
001 - საკონტროლო ნომერი
საკონტროლო ველი 22298
003 - საკონტროლო ნომრის იდენტიფიკატორი
საკონტროლო ველი GE_BSU
005 - ბოლო ოპერაციის თარიღი და დრო
საკონტროლო ველი 20221221161013.0
008 - ფიქსირებული სიგრძის მონაცემთა ელემენტები - ზოგადი ინფორმაცია
ფიქსირებული სიგრძის საკონტროლო ველი 181216s2018||||ge |||||||||||||| ||geo||
040 ## - კატალოგიზაციის წყარო
Transcribing agency GE_BSU
041 ## - ენის კოდი
Language code of text/sound track or separate title geo
080 ## - უნივერსალური ათობითი კლასიფიკაციის ინდექსი
Universal Decimal Classification number 59 წ-37
100 ## - მთავარი ჩანაწერი - პიროვნების სახელი
Personal name წეროძე, ტარიელ.
9 (RLIN) 10717
245 ## - ცნობა სათაურის შესახებ
Title შავი ზღვისა და პაციფიკის აფალინების ეკოლოგია, კონსერვაცია და რეაბილიტაცია ბუნებრივ და ნოოგენურ გარემოში /
Statement of responsibility, etc ტარიელ წეროძე; სამეცნიერო ხელმძღვანელი მარინე თედიაშვილი., რეზო გორაძე; ბათუმის შოთა რუსთაველის სახელმწიფო უნივერსიტეტი.
264 ## - წარმოების, გამოცემის, დისტრიბუციის და სხვა ცნობები
გამოცემის, წარმოების, დისტრიბუციის... ადგილი ბათუმი,
გამოცემის, წარმოების, დისტრიბუციის... თარიღი 2018.
300 ## - ფიზიკური აღწერა
Extent 137გვ. ;
Other physical details 30 სმ.
504 ## - BIBLIOGRAPHY, ETC. NOTE
Bibliography, etc ბიბლ.გვ.124-137
653 ## - INDEX TERM--UNCONTROLLED
Uncontrolled term ბიოლოგია
653 ## - INDEX TERM--UNCONTROLLED
Uncontrolled term დისერტაცია
653 ## - INDEX TERM--UNCONTROLLED
Uncontrolled term ზოოლოგია-ჰიდრობიოლოგია
653 ## - INDEX TERM--UNCONTROLLED
Uncontrolled term შავი ზღვისა და პაციფიკის აფალინების ეკოლოგია, კონსერვაცია და რეაბილიტაცია ბუნებრივ და ნოოგენურ გარემოში
700 ## - ADDED ENTRY--PERSONAL NAME
Personal name თედიაშვილი, მარინე
Relator term სამეცნიერო ხელმძღვანელი
9 (RLIN) 10718
700 ## - ADDED ENTRY--PERSONAL NAME
Personal name გორაძე, რეზო
Relator term სამეცნიერო ხელმძღვანელი
9 (RLIN) 10719
710 ## - ADDED ENTRY--CORPORATE NAME
Corporate name or jurisdiction name as entry element ბათუმის შოთა რუსთაველის სახელმწიფო უნივერსიტეტი
9 (RLIN) 11851
942 ## - ADDED ENTRY ELEMENTS (KOHA)
Koha item type დისერტაცია
Source of classification or shelving scheme
ეგზემპლარები
ჩამოწერის სტატუსი დაკარგული ეგზემპლარის სტატუსი კლასიფიკაციის წყარო ან თაროზე გაწყობის სქემა დაზიანების სტატუსი არ გაიცემა მუდმივი მდებარეობა (დაცვის ადგილი) ამჟამინდელი ადგილსამყოფელი თაროზე განთავსების ადგილი შეძენის თარიღი სრული შენახვის შიფრი შტრიხკოდი ბოლო ოპერაციის თარიღი ეგზემპლარის მიმდევრობითი ნომერი (კეტერი?) ფასის ძალაში შესვლის თარიღი ეგზემპლარის სახეობა საჯარო შენიშვნა
          ბათუმის შოთა რუსთაველის სახელმწიფო უნივერსიტეტის მთავარი ბიბლიოთეკა ბათუმის შოთა რუსთაველის სახელმწიფო უნივერსიტეტის მთავარი ბიბლიოთეკა წიგნსაცავი 2018-12-17 59 წ-37 301 დისერტ 2018-12-17 301 2018-12-17 დისერტაცია